| 000 | 00472nam a2200181Ia 4500 | ||
|---|---|---|---|
| 001 | 12239 | ||
| 005 | 20260306162927.0 | ||
| 008 | 260306t2020||||xx |||||||||||||| ||spa|| | ||
| 041 | _aESP | ||
| 082 |
_aHR 343.6 _bJUL-SET 2020 REDA |
||
| 100 |
_aMartín-Retortillo Baquer, Lorenzo _eAUT |
||
| 245 | 0 | _aRevista española de derecho administrativo | |
| 260 | _c2020 | ||
| 300 |
_a372 páginas : _c24 cm. |
||
| 650 | _aGEN | ||
| 654 | _aCDE | ||
| 942 |
_cREV _dJUS _fJUS _2ddc _n |
||
| 999 |
_c12239 _d12239 |
||